Vista normal
Vista MARC
Entrada Personal Name
Número de registros utilizados en: 1
001 - CONTROL NUMBER
- control field: 1417
003 - CONTROL NUMBER IDENTIFIER
- control field: OSt
005 - DATE AND TIME OF LATEST TRANSACTION
- control field: 20110902131554.0
008 - FIXED-LENGTH DATA ELEMENTS
- fixed length control field: 110902|||a|||||| | ||| d
040 ## - CATALOGING SOURCE
- Original cataloging agency: OSt
- Transcribing agency: OSt
100 ## - HEADING--PERSONAL NAME
- Personal name: Jorgensen, K.
670 ## - SOURCE DATA FOUND
- Source citation: Work cat.: (OSt)778: Dybkaer, R. 1416, Magnitudes y unidades en química clínica : , 1971.